Ojedinelý nález keltskej striebornej mince vo Veľkom Slavkove, okres Poprad

Bibliographic Details
Main Author: Hlinka, Jozef, 1925-1992 (Author)
Format: Article
Language:Slovak
PhysicalDescription:Obr. 1.
Subjects:

MARC

LEADER 00000nab a2200000 a 4500
001 vtls000088689
003 SK-MaSNL
005 20260303031937.0
008 111031c1980 xo 0 slo
015 |a SNBRA19rr/mm-uuuuu 
035 |a CL0098792 
040 |a SNKBUCL  |b slo  |c SNKBUCL  |e AACR2 
041 0 |a slo 
044 |a xo  |c SK 
080 |a 737  |2 1981 
100 1 |a Hlinka, Jozef,  |d 1925-1992  |4 aut  |9 105340 
245 1 0 |a Ojedinelý nález keltskej striebornej mince vo Veľkom Slavkove, okres Poprad  |c Jozef Hlinka 
300 |b Obr. 1. 
650 0 7 |a mince  |2 snkbucl  |9 2305 
651 7 |a 5406  |2 snkbucl  |9 276477 
651 7 |a Veľký Slavkov (Slovensko)  |2 snkbucl  |9 52043 
655 7 |a články zo zborníkov  |2 snkbucl  |9 166140 
773 0 |t Slovenská numizmatika 6  |d Bratislava : Veda, 1980  |g S. 257-259 
850 |a Slovenská národná knižnica v Martine  |a MTA001 
852 |a SNK  |b KIS3GCP 
958 |a RK 
992 |a RZB 
999 |c 1661256  |d 1663186